000 01129nam a2200289 i 4500
003 DO-SdBNP
005 20240627082050.0
007 ta
008 240625t1981 mx adb|| |||| 00| 0 spa d
020 _a9682409837
040 _aDO-SdBNP
_bspa
_cBNPHU
_erda
041 _heng
082 4 _222
_bB943g
100 1 _aBuol, S. W.
_eautor
_985799
245 1 0 _aGénesis y clasificación de suelo /
_cS. W. Buol, F. D. Hole, R. J. McCracken; traductor, Agustín Contin.
250 _a2a. reimpresión
264 4 _bMéxico :
_aTrillas,
_c@1981
300 _a417 páginas :
_bilustracione, gráficas, mapas ;
_c23 cm.
336 _2rdacontent
_atexto
_btxt
337 _2rdamedia
_asin mediación
_bn
338 _2rdacarrier
_avolumen
_bnc
500 _a lIncluye índice.
534 _aTítulo original: Soil Génesis and classification.
_bVersión autorizada en español de la primera edición publicada en inglés, 1981.
_cPublicada en inglés por The Iowa State University Press, Ames Iowa, E. U. A. ISBN, 0-8138-1460-X.
590 _aInventariado 2024 / MF
700 1 _aContín, Agustin,
_945783
_etraductor
942 _2ddc
_cLBS1
999 _c56978
_d56978